[Event "Scarborough CC-ch"]
[Site "Toronto CAN"]
[Date "2025.05.22"]
[Round "6.8"]
[White "Nazareno, Merlin"]
[Black "Gummadi, Bhargav Ram"]
[Result "1-0"]
[WhiteElo "1985"]
[BlackElo "1752"]
[WhiteFideId "-1"]
[WhiteFideId "-1"]
[PlyCount "73"]
[GameId "2227752519213925"]
[EventDate "2025.04.17"]
[EventType "swiss"]
[EventRounds "10"]
[EventCountry "CAN"]

1. d4 d5 2. e4 e6 3. Nd2 dxe4 4. Nxe4 Nf6 5. Bg5 Be7 6. Bxf6 Bxf6 7. Nf3 Bd7 8. Qd2 Bc6 9. Bd3 Nd7 10. O-O-O Nb6 11. c3 a5 12. Kb1 Nd5 13. h4 b5 14. Rde1 a4 15. a3 Nb6 16. Qe2 Qd5 17. Nfd2 b4 18. Nxf6+ gxf6 19. Be4 Qd6 20. Bxc6+ Qxc6 21. cxb4 Rd8 22. Nf3 Nd5 23. Rc1 Qb6 24. Qc2 Kf8 25. Qxa4 Rg8 26. g3 Rd6 27. h5 h6 28. Rc5 Kg7 29. Rhc1 Kh7 30. Nd2 Qa6 31. Qc2+ Kh8 32. Ne4 Nxb4 33. axb4 Rxd4 34. Nxf6 Rg7 35. Ra5 Qb7 36. Qxc7 Qxc7 37. Rxc7 1-0

[Event "Scarborough CC-ch"]
[Site "Toronto CAN"]
[Date "2025.05.22"]
[Round "6.9"]
[White "Lim, Carl"]
[Black "Southam, David"]
[Result "0-1"]
[WhiteElo "1611"]
[BlackElo "2037"]
[WhiteFideId "-1"]
[WhiteFideId "-1"]
[PlyCount "75"]
[GameId "2227752519213926"]
[EventDate "2025.04.17"]
[EventType "swiss"]
[EventRounds "10"]
[EventCountry "CAN"]

1. d4 e6 2. c4 f5 3. g3 Nf6 4. Bg2 c6 5. Nc3 d5 6. cxd5 exd5 7. Nf3 Bd6 8. O-O Nbd7 9. Nh4 g6 10. Bh6 Ng4 11. Qd2 Nxh6 12. Qxh6 Bf8 13. Qd2 Bg7 14. Rad1 O-O 15. Nf3 Qe7 16. e3 Nf6 17. Qc2 Ne4 18. Nd2 Bd7 19. f3 Nd6 20. Rfe1 Rae8 21. b3 g5 22. Kf2 h5 23. h3 g4 24. hxg4 fxg4 25. Qg6 gxf3 26. Bf1 h4 27. Nxf3 hxg3+ 28. Kg2 Bf5 29. Qxg3 Ne4 30. Nxe4 Bxe4 31. Be2 Rf6 32. Qh4 Bxf3+ 33. Bxf3 Rg6+ 34. Kh3 Rh6 35. Bh5 Qe6+ 36. Kh2 Qf5 37. Rg1 Rxh5 38. Rxg7+ 0-1

[Event "Scarborough CC-ch"]
[Site "Toronto CAN"]
[Date "2025.05.22"]
[Round "6.10"]
[White "Chung, Noah"]
[Black "Ugodnikov, Arkadiy"]
[Result "1-0"]
[WhiteElo "1870"]
[BlackElo "1753"]
[WhiteFideId "-1"]
[WhiteFideId "-1"]
[PlyCount "131"]
[GameId "2227752519181142"]
[EventDate "2025.04.17"]
[EventType "swiss"]
[EventRounds "10"]
[EventCountry "CAN"]

1. e4 e5 2. Nf3 Nc6 3. Bc4 Bc5 4. c3 Nf6 5. d3 a6 6. O-O d6 7. h3 h6 8. Be3 Ba7 9. Nbd2 O-O 10. b4 Be6 11. Bb3 d5 12. Bxa7 Rxa7 13. Re1 Ra8 14. exd5 Nxd5 15. Qc2 Nf4 16. Bxe6 fxe6 17. Re3 Qf6 18. Ne4 Qe7 19. Rae1 Nd5 20. R3e2 Rxf3 21. gxf3 Nf4 22. Ng3 Qh4 23. Re4 Qxh3 24. Rxf4 exf4 25. Nf1 Qxf3 26. Nh2 Qd5 27. Qe2 Re8 28. c4 Qg5+ 29. Kh1 e5 30. Rg1 Qf6 31. Qe4 Rf8 32. Rg6 Qf5 33. Qg2 Rf7 34. Rxh6 Ne7 35. Rh4 c6 36. Nf3 Ng6 37. Rg4 Qh5+ 38. Kg1 Rf6 39. Rg5 Qh7 40. Qg4 Ne7 41. Nxe5 Rh6 42. Nf3 Rg6 43. Rxg6 Qxg6 44. Qxg6 Nxg6 45. d4 Kf8 46. Kf1 Ke7 47. Ke2 Kf6 48. Kd3 Kf5 49. d5 cxd5 50. cxd5 Ne5+ 51. Nxe5 Kxe5 52. d6 Kxd6 53. Ke4 g5 54. Kf5 Kd5 55. f3 Kd4 56. Kxg5 Kc4 57. Kxf4 Kxb4 58. Ke4 Kc5 59. Ke5 b5 60. f4 b4 61. f5 a5 62. f6 a4 63. f7 b3 64. f8=Q+ Kc4 65. Qa3 bxa2 66. Qxa4+ 1-0

[Event "Scarborough CC-ch"]
[Site "Toronto CAN"]
[Date "2025.05.22"]
[Round "6.11"]
[White "Jeyakumar, Yathushan"]
[Black "Yang, Lucy"]
[Result "0-1"]
[WhiteElo "1762"]
[BlackElo "1674"]
[WhiteFideId "-1"]
[WhiteFideId "-1"]
[PlyCount "122"]
[GameId "2227752519189335"]
[EventDate "2025.04.17"]
[EventType "swiss"]
[EventRounds "10"]
[EventCountry "CAN"]

1. e4 c5 2. c3 Nf6 3. e5 Nd5 4. d4 cxd4 5. Nf3 Nc6 6. Be2 Qa5 7. b4 Qc7 8. O-O Nxe5 9. Qxd4 Nxf3+ 10. Bxf3 Nf6 11. Bg5 e5 12. Qe3 Be7 13. Nd2 d6 14. h3 O-O 15. Rfd1 Be6 16. Nf1 a6 17. a3 Rac8 18. Rac1 h6 19. Bxh6 gxh6 20. Qxh6 Bf5 21. g4 Bg6 22. h4 Nh7 23. Ne3 Qd8 24. Ng2 Rc7 25. Bd5 Qc8 26. Qxg6+ Kh8 27. Bxf7 Rxc3 28. Rxc3 Qxc3 29. Qe6 Qf3 30. Qxe7 Qxd1+ 31. Kh2 Qxg4 32. Be6 Qg6 33. Qxd6 Qg7 34. Qd2 Qf6 35. Qd5 Rd8 36. Qa2 Rf8 37. Qd5 Rd8 38. Qa2 Nf8 39. Bh3 Ng6 40. Qe2 Nf4 41. Nxf4 Qxf4+ 42. Kh1 Rf8 43. Qh5+ Kg7 44. Qg5+ Qxg5 45. hxg5 Kg6 46. Kg2 Kxg5 47. Be6 b6 48. Bc4 a5 49. bxa5 bxa5 50. a4 Kf4 51. Bd5 Rd8 52. Bc6 Rd4 53. Kf1 Kf5 54. Ke2 Ke6 55. Ke3 Kd6 56. Bb5 Kc5 57. f3 Kb4 58. Bc6 Kb3 59. Be8 Rxa4 60. Bf7+ Kc3 61. Be6 Rb4 0-1

[Event "Scarborough CC-ch"]
[Site "Toronto CAN"]
[Date "2025.05.22"]
[Round "6.12"]
[White "Zhao, Shannon"]
[Black "Bi, William"]
[Result "0-1"]
[WhiteElo "1649"]
[BlackElo "1892"]
[WhiteFideId "-1"]
[WhiteFideId "-1"]
[PlyCount "52"]
[GameId "2227752519193432"]
[EventDate "2025.04.17"]
[EventType "swiss"]
[EventRounds "10"]
[EventCountry "CAN"]

1. e4 e5 2. Nf3 Nc6 3. d4 exd4 4. Bc4 Nf6 5. e5 d5 6. Bb5 Ne4 7. Nxd4 Bd7 8. Bxc6 bxc6 9. O-O Be7 10. f3 Nc5 11. c3 O-O 12. Be3 Ne6 13. f4 f6 14. Nf5 fxe5 15. fxe5 Bc5 16. Nd4 Qe7 17. Nd2 Bxd4 18. cxd4 c5 19. Rxf8+ Rxf8 20. Nb3 cxd4 21. Bxd4 c5 22. Bf2 d4 23. Rc1 Bc6 24. Qc2 Nf4 25. Nxc5 Qg5 26. Bg3 Ne2+ 0-1

[Event "Scarborough CC-ch"]
[Site "Toronto CAN"]
[Date "2025.05.22"]
[Round "6.13"]
[White "Satish Alwar, Dharsan"]
[Black "Ma, Quentin"]
[Result "0-1"]
[WhiteElo "1724"]
[BlackElo "1654"]
[WhiteFideId "-1"]
[WhiteFideId "-1"]
[PlyCount "94"]
[GameId "2227752519197529"]
[EventDate "2025.04.17"]
[EventType "swiss"]
[EventRounds "10"]
[EventCountry "CAN"]

1. d4 Nf6 2. Nf3 g6 3. c4 Bg7 4. e3 d6 5. Nc3 O-O 6. Be2 Nbd7 7. O-O e5 8. b3 exd4 9. exd4 Re8 10. Bb2 Nh5 11. Bd3 Nf4 12. Bc2 c5 13. d5 Bxc3 14. Bxc3 Ne2+ 15. Kh1 Nxc3 16. Qd2 Ne4 17. Qh6 Ndf6 18. Rae1 Ng4 19. Qc1 f5 20. Kg1 Bd7 21. h3 Ne5 22. Nxe5 Rxe5 23. Qf4 Qg5 24. Qxg5 Nxg5 25. f4 Rxe1 26. Rxe1 Nf7 27. Re7 Rd8 28. Kf2 Kf8 29. Re2 Re8 30. Rxe8+ Kxe8 31. Ke3 Ke7 32. Kf3 Kf6 33. g3 g5 34. Ke3 h5 35. h4 gxh4 36. gxh4 Nh6 37. Bd1 Ng4+ 38. Kf3 b5 39. Bc2 bxc4 40. bxc4 Nh6 41. Bd1 Ng8 42. Ke3 Kg6 43. Be2 Ba4 44. Bd3 Nf6 45. Kf3 Ne4 46. Bxe4 fxe4+ 47. Kxe4 Bc2+ 0-1

[Event "Scarborough CC-ch"]
[Site "Toronto CAN"]
[Date "2025.05.22"]
[Round "6.14"]
[White "Guan, Isabelle"]
[Black "Chamberland, Luc"]
[Result "1/2-1/2"]
[WhiteElo "1618"]
[BlackElo "1676"]
[WhiteFideId "-1"]
[WhiteFideId "-1"]
[PlyCount "53"]
[GameId "2227752519197530"]
[EventDate "2025.04.17"]
[EventType "swiss"]
[EventRounds "10"]
[EventCountry "CAN"]

1. e4 e6 2. d4 d5 3. Nc3 Nf6 4. Bg5 Bb4 5. Nge2 dxe4 6. a3 Be7 7. Bxf6 Bxf6 8. Nxe4 Nc6 9. c3 Bd7 10. N2g3 g6 11. Nxf6+ Qxf6 12. Ne4 Qe7 13. Bb5 a6 14. Ba4 b5 15. Bb3 Na5 16. Bc2 Bc6 17. b4 Nc4 18. O-O O-O 19. Re1 Bd5 20. Qd3 f5 21. Nc5 Qd6 22. Qh3 Kg7 23. Nd3 Rae8 24. Bb3 Nb6 25. Bc2 Nc4 26. Bb3 Nb6 27. Bc2 1/2-1/2

[Event "Scarborough CC-ch"]
[Site "Toronto CAN"]
[Date "2025.05.22"]
[Round "6.15"]
[White "Mesiti, Silvano"]
[Black "Dixon, Javier"]
[Result "1/2-1/2"]
[WhiteElo "1563"]
[BlackElo "1640"]
[WhiteFideId "-1"]
[WhiteFideId "-1"]
[PlyCount "77"]
[GameId "2227752519197531"]
[EventDate "2025.04.17"]
[EventType "swiss"]
[EventRounds "10"]
[EventCountry "CAN"]

1. e4 g6 2. Nc3 Bg7 3. Nf3 c5 4. d3 Nc6 5. Bd2 d6 6. Be2 Nf6 7. O-O O-O 8. a3 Ng4 9. Qc1 Nge5 10. Bh6 Nxf3+ 11. Bxf3 Nd4 12. Bd1 f5 13. Bxg7 Kxg7 14. exf5 Bxf5 15. Ne2 e5 16. Nxd4 cxd4 17. Qd2 Rc8 18. Bf3 b6 19. Rac1 a5 20. c4 h6 21. Qe2 Qg5 22. Kh1 Rf6 23. Rcd1 Rcf8 24. Bd5 h5 25. f3 h4 26. h3 Qg3 27. Qe1 Qf4 28. Qd2 Qg3 29. Qe1 Qg5 30. Qd2 Qh5 31. Qe2 g5 32. Kg1 Qg6 33. a4 Kh6 34. b3 Kg7 35. Bc6 Rc8 36. Bd5 Rcf8 37. Bc6 Rc8 38. Bd5 Kh6 39. Bb7 1/2-1/2

[Event "Scarborough CC-ch"]
[Site "Toronto CAN"]
[Date "2025.05.22"]
[Round "6.16"]
[White "Gebhardt, David"]
[Black "Chen, Timmy"]
[Result "0-1"]
[WhiteElo "1606"]
[BlackElo "1755"]
[WhiteFideId "-1"]
[WhiteFideId "-1"]
[PlyCount "58"]
[GameId "2227752519201628"]
[EventDate "2025.04.17"]
[EventType "swiss"]
[EventRounds "10"]
[EventCountry "CAN"]

1. e4 c5 2. Nf3 d6 3. d4 cxd4 4. Nxd4 Nf6 5. Nc3 a6 6. h3 e5 7. Nf3 b5 8. a3 Bb7 9. Bd3 Nbd7 10. O-O Rc8 11. Re1 h6 12. Nd5 Nxd5 13. exd5 Bxd5 14. Bxb5 Bxf3 15. Qxf3 axb5 16. Qb3 Qa5 17. Bd2 Qxd2 18. Qxb5 Rxc2 19. Rf1 Rxb2 20. Qa6 Rb8 21. Rad1 Qb2 22. Rfe1 Be7 23. Qa4 Qb5 24. Qg4 O-O 25. Re3 Nf6 26. Qg3 Nd5 27. Rf3 Nf4 28. Qg4 f5 29. Qg3 Ne2+ 0-1

[Event "Scarborough CC-ch"]
[Site "Toronto CAN"]
[Date "2025.05.22"]
[Round "6.18"]
[White "Kola, Venkata Saket Reddy"]
[Black "Gao, Yiguo"]
[Result "0-1"]
[WhiteElo "1658"]
[BlackElo "1613"]
[WhiteFideId "-1"]
[WhiteFideId "-1"]
[PlyCount "38"]
[GameId "2227752519201629"]
[EventDate "2025.04.17"]
[EventType "swiss"]
[EventRounds "10"]
[EventCountry "CAN"]

1. e4 d5 2. exd5 Nf6 3. Nc3 Nxd5 4. Nxd5 Qxd5 5. Nf3 Bg4 6. Be2 Nc6 7. h3 Bf5 8. c3 e5 9. d4 exd4 10. Nxd4 Nxd4 11. Qxd4 Qxg2 12. Qe5+ Be6 13. Rh2 Qg1+ 14. Bf1 O-O-O 15. Bf4 Bd6 16. Qe3 Bxf4 17. Qxf4 Rhe8 18. f3 Bc4+ 19. Qe4 Qxf1# 0-1

[Event "Scarborough CC-ch"]
[Site "Toronto CAN"]
[Date "2025.05.22"]
[Round "6.19"]
[White "Kola, Venkata Saket Reddy"]
[Black "Gao, Yiguo"]
[Result "1-0"]
[WhiteElo "1658"]
[BlackElo "1613"]
[WhiteFideId "-1"]
[WhiteFideId "-1"]
[PlyCount "71"]
[GameId "2227752519201630"]
[EventDate "2025.04.17"]
[EventType "swiss"]
[EventRounds "10"]
[EventCountry "CAN"]

1. e4 e6 2. d4 d5 3. Nd2 dxe4 4. Nxe4 Nd7 5. Nf3 Ngf6 6. Ng3 Be7 7. Bd3 c5 8. c3 b6 9. O-O Bb7 10. Re1 Qc7 11. Qe2 Nd5 12. Ng5 Bxg5 13. Bxg5 Nf4 14. Bxf4 Qxf4 15. dxc5 Nxc5 16. Bb5+ Ke7 17. b4 Nd7 18. Qd3 Ne5 19. Rxe5 Qxe5 20. Qd7+ Kf6 21. Qxb7 Qxb5 22. Ne4+ Kg6 23. Nd6 Qe5 24. Nxf7 Qxc3 25. Nxh8+ Rxh8 26. Qe4+ Kf6 27. Re1 Re8 28. h3 g6 29. Re3 Qc1+ 30. Kh2 Qc7+ 31. g3 Qd6 32. Rd3 Qe7 33. a3 e5 34. Qg4 Qe6 35. Qe4 Qf5 36. Rf3 1-0

[Event "Scarborough CC-ch"]
[Site "Toronto CAN"]
[Date "2025.05.29"]
[Round "7.1"]
[White "Wang, Nathan"]
[Black "Gao, Heye"]
[Result "0-1"]
[WhiteElo "2099"]
[BlackElo "2169"]
[WhiteFideId "-1"]
[WhiteFideId "-1"]
[PlyCount "70"]
[GameId "2223941564506635"]
[EventDate "2025.04.17"]
[EventType "swiss"]
[EventRounds "10"]
[EventCountry "CAN"]

1. e4 e5 2. Nf3 Nc6 3. Bc4 Bc5 4. c3 Nf6 5. d3 d6 6. Bg5 h6 7. Bh4 a6 8. a4 g5 9. Bg3 Rg8 10. Nbd2 g4 11. Nh4 Nh5 12. b4 Bb6 13. Qb3 Qf6 14. Rf1 Be6 15. O-O-O O-O-O 16. Bxe6+ fxe6 17. Nc4 Ba7 18. b5 Nb8 19. b6 Bxb6 20. Nxb6+ cxb6 21. d4 Nf4 22. Rfe1 Nc6 23. Qxb6 Rg7 24. Kb1 Rc7 25. Rd2 Qg5 26. Red1 exd4 27. cxd4 d5 28. e5 Kb8 29. f3 Rdc8 30. fxg4 Qxg4 31. Nf3 Nxg2 32. Qb3 Na5 33. Qb4 Qxf3 34. Qxa5 Qb3+ 35. Ka1 Rc1+ 0-1

[Event "Scarborough CC-ch"]
[Site "Toronto CAN"]
[Date "2025.05.29"]
[Round "7.2"]
[White "Mendoza, Armand Jess"]
[Black "Yang, Larry"]
[Result "0-1"]
[WhiteElo "1854"]
[BlackElo "2093"]
[WhiteFideId "-1"]
[WhiteFideId "-1"]
[PlyCount "78"]
[GameId "2224130101760534"]
[EventDate "2025.04.17"]
[EventType "swiss"]
[EventRounds "10"]
[EventCountry "CAN"]

1. d4 Nf6 2. Nf3 g6 3. Nc3 d5 4. Bf4 Bg7 5. e3 O-O 6. Be2 c5 7. Ne5 Nc6 8. h4 cxd4 9. Nxc6 bxc6 10. exd4 h5 11. O-O Nd7 12. Re1 Qb6 13. Qd2 Bxd4 14. Bd3 Qxb2 15. Na4 Qa3 16. c3 Bf6 17. Qc2 Nb6 18. Nxb6 axb6 19. Bh6 Qxc3 20. Qe2 c5 21. Rac1 Qa5 22. Bxf8 Kxf8 23. Bb1 c4 24. Rcd1 Kg7 25. f3 Qc5+ 26. Kh1 Be6 27. g4 hxg4 28. fxg4 Bxh4 29. Rf1 Rh8 30. Kg2 d4 31. Be4 d3 32. Qf3 Qg5 33. Qf4 Qxf4 34. Rxf4 Bg5 35. Rf2 Bxg4 36. Bf3 Bh3+ 37. Kh1 Be3 38. Rh2 Bf4 39. Rb2 Bg4+ 0-1

[Event "Scarborough CC-ch"]
[Site "Toronto CAN"]
[Date "2025.05.29"]
[Round "7.3"]
[White "Kola, Venkat Karthikeya R"]
[Black "Nazareno, Merlin"]
[Result "1-0"]
[WhiteElo "2228"]
[BlackElo "1985"]
[WhiteFideId "-1"]
[WhiteFideId "-1"]
[PlyCount "85"]
[GameId "2224131787366943"]
[EventDate "2025.04.17"]
[EventType "swiss"]
[EventRounds "10"]
[EventCountry "CAN"]

1. d4 Nf6 2. c4 e5 3. dxe5 Ng4 4. Bf4 Nc6 5. Nf3 f6 6. h3 Bb4+ 7. Nbd2 Ngxe5 8. a3 Qe7 9. e3 Nxf3+ 10. gxf3 Bxd2+ 11. Qxd2 d6 12. O-O-O Be6 13. Qc3 O-O-O 14. Be2 h5 15. h4 Kb8 16. e4 b6 17. Be3 Rdg8 18. f4 a5 19. Rhg1 Kb7 20. Qc2 Qf7 21. f5 Bd7 22. c5 Ne5 23. f4 Ng4 24. Bd2 Qa2 25. Bc4 Qa1+ 26. Qb1 Qxb1+ 27. Kxb1 Re8 28. cxd6 c6 29. Rde1 Rd8 30. Kc1 Bc8 31. e5 Bxf5 32. Bc3 Rd7 33. Rg2 Re8 34. b4 fxe5 35. fxe5 g5 36. hxg5 h4 37. Be2 Nxe5 38. Bxe5 Ka7 39. Bh2 Be4 40. Rf2 Bd5 41. Rg1 Rg7 42. g6 Re5 43. Bxe5 1-0

[Event "Scarborough CC-ch"]
[Site "Toronto CAN"]
[Date "2025.05.29"]
[Round "7.3"]
[White "Sharpe, Sam"]
[Black "Deepak, Laksshana"]
[Result "0-1"]
[WhiteElo "1921"]
[BlackElo "2127"]
[WhiteFideId "-1"]
[WhiteFideId "-1"]
[PlyCount "84"]
[GameId "2224133998826023"]
[EventDate "2025.04.17"]
[EventType "swiss"]
[EventRounds "10"]
[EventCountry "CAN"]

1. e4 e6 2. d4 d5 3. e5 c5 4. c3 Nc6 5. Nf3 Qb6 6. a3 c4 7. Be2 Bd7 8. O-O Na5 9. Nbd2 Qc7 10. Re1 Ne7 11. Nf1 Nc8 12. Ng3 Nb6 13. Bf1 O-O-O 14. Ng5 Be8 15. f4 h6 16. Nf3 Bd7 17. Be3 Be7 18. Qc2 g6 19. Be2 Kb8 20. a4 Nb3 21. a5 Nxa1 22. Rxa1 Nc8 23. b3 Bb5 24. Nd2 cxb3 25. Qxb3 Bxe2 26. Nxe2 a6 27. c4 g5 28. cxd5 Rxd5 29. Nc4 Rb5 30. Qd3 gxf4 31. Bxf4 Bb4 32. Rc1 Qd8 33. Nc3 Bxc3 34. Qxc3 Qd7 35. Nd6 Nxd6 36. exd6 f6 37. Qe1 Rc8 38. Rxc8+ Kxc8 39. Qh4 Rb1+ 40. Kf2 Rb2+ 41. Ke3 Qb5 42. Qg4 Qb3+ 0-1

[Event "Scarborough CC-ch"]
[Site "Toronto CAN"]
[Date "2025.05.29"]
[Round "7.5"]
[White "Blakely, Matt"]
[Black "Pan, Julian"]
[Result "1/2-1/2"]
[WhiteElo "2079"]
[BlackElo "1870"]
[WhiteFideId "-1"]
[WhiteFideId "-1"]
[PlyCount "107"]
[GameId "2224142442807855"]
[EventDate "2025.04.17"]
[EventType "swiss"]
[EventRounds "10"]
[EventCountry "CAN"]

1. d4 d5 2. c4 e6 3. Nf3 Nf6 4. Nc3 Bb4 5. a3 Bxc3+ 6. bxc3 O-O 7. g3 c6 8. Bg2 dxc4 9. Ne5 Nd5 10. Qc2 Nb6 11. O-O f6 12. Nf3 Na6 13. a4 Bd7 14. e4 c5 15. a5 Nc8 16. e5 cxd4 17. cxd4 Ne7 18. exf6 gxf6 19. Bh6 Re8 20. Qxc4 Rc8 21. Qb3 Nd5 22. Nd2 Bc6 23. Rfe1 Qd7 24. Qf3 Nac7 25. Ne4 Qe7 26. Qg4+ Kh8 27. Nd6 f5 28. Nxf5 exf5 29. Rxe7 fxg4 30. Bg7+ Kg8 31. Rxe8+ Rxe8 32. Be5 Nb5 33. a6 Ndc7 34. axb7 Bxg2 35. Kxg2 Rb8 36. Bxc7 Nxc7 37. Rxa7 Kf7 38. h3 gxh3+ 39. Kxh3 Nb5 40. Ra8 Rxb7 41. Rd8 Rb6 42. Kh4 Rd6 43. Rxd6 Nxd6 44. d5 Kf6 45. f4 Ne4 46. g4 Nc3 47. d6 Ke6 48. f5+ Kxd6 49. g5 Ke7 50. Kh5 Kf7 51. Kh6 Kg8 52. f6 Nd5 53. f7+ Kxf7 54. Kxh7 1/2-1/2

[Event "Scarborough CC-ch"]
[Site "Toronto CAN"]
[Date "2025.05.29"]
[Round "7.6"]
[White "Yamasaki, Dawson"]
[Black "Mutyalapati, Modith Aaroh"]
[Result "0-1"]
[WhiteElo "1657"]
[BlackElo "2232"]
[WhiteFideId "-1"]
[WhiteFideId "-1"]
[PlyCount "108"]
[GameId "2224172792279613"]
[EventDate "2025.04.17"]
[EventType "swiss"]
[EventRounds "10"]
[EventCountry "CAN"]

1. e4 e6 2. d4 d5 3. Nd2 Nc6 4. Ngf3 Nf6 5. e5 Nd7 6. c3 f6 7. exf6 Qxf6 8. Bb5 Bd6 9. O-O O-O 10. Re1 Kh8 11. Nf1 e5 12. Ne3 e4 13. Ng4 Qd8 14. Bxc6 exf3 15. Bxd5 fxg2 16. Bxg2 Qh4 17. Re4 Nf6 18. Nxf6 Bxh2+ 19. Kh1 Bf4+ 20. Kg1 Qh2+ 21. Kf1 Bh3 22. Qf3 Qh1+ 23. Ke2 Bxg2 24. Qxf4 Bxe4 25. Qxe4 Rae8 26. Qxe8 Rxe8+ 27. Nxe8 Qh5+ 28. Kd3 Qxe8 29. Be3 h5 30. Rh1 g5 31. Kd2 Qg6 32. d5 h4 33. f4 Qe4 34. Rh2 Qf3 35. c4 Qg3 36. Rf2 h3 37. fxg5 Qxf2+ 38. Bxf2 h2 39. Bd4+ Kh7 40. Bf6 h1=Q 41. a3 Qe4 42. Kc3 Kg6 43. Kb4 Qe3 44. Ka4 c6 45. dxc6 bxc6 46. Kb4 Kf5 47. Ka4 Ke6 48. Kb4 c5+ 49. Ka4 Qd3 50. Kb5 Kd6 51. Ka4 Qxc4+ 52. b4 Kc6 53. Be7 Qc2+ 54. Ka5 Qb3 0-1

[Event "Scarborough CC-ch"]
[Site "Toronto CAN"]
[Date "2025.05.29"]
[Round "7.7"]
[White "Southam, David"]
[Black "Chung, Noah"]
[Result "1-0"]
[WhiteElo "2037"]
[BlackElo "1870"]
[WhiteFideId "-1"]
[WhiteFideId "-1"]
[PlyCount "107"]
[GameId "2224179411878472"]
[EventDate "2025.04.17"]
[EventType "swiss"]
[EventRounds "10"]
[EventCountry "CAN"]

1. d4 d5 2. c4 e6 3. Nf3 Nf6 4. g3 c5 5. cxd5 Nxd5 6. Bg2 Nc6 7. O-O Be7 8. Nc3 Nxc3 9. bxc3 O-O 10. e4 Qa5 11. Qb3 Bf6 12. Be3 Rd8 13. Rfd1 cxd4 14. cxd4 Bd7 15. Rac1 Qb4 16. Qxb4 Nxb4 17. a3 Na6 18. Bg5 Bxg5 19. Nxg5 f6 20. Nh3 Ba4 21. Re1 Bc6 22. Rcd1 Nc7 23. Nf4 Rd7 24. Bh3 Re7 25. d5 exd5 26. exd5 Rxe1+ 27. Rxe1 Be8 28. d6 Nb5 29. d7 Bf7 30. Rc1 Nd6 31. Ne6 Bxe6 32. Bxe6+ Kf8 33. Rc8+ Rxc8 34. dxc8=Q+ Nxc8 35. Bxc8 b6 36. f4 Ke7 37. Kf2 Kd6 38. Ke3 Kd5 39. Kd3 g5 40. fxg5 fxg5 41. Bf5 h5 42. Be4+ Kc5 43. h4 gxh4 44. gxh4 b5 45. Bg6 a5 46. Bxh5 Kd5 47. Be8 b4 48. a4 Ke5 49. Bf7 Kf5 50. Bb3 Kg4 51. Kc4 Kxh4 52. Kb5 Kg5 53. Kxa5 Kf5 54. Kb6 1-0

[Event "Scarborough CC-ch"]
[Site "Toronto CAN"]
[Date "2025.05.29"]
[Round "7.8"]
[White "Katz, Lyam"]
[Black "Hong, Zihan"]
[Result "1-0"]
[WhiteElo "1826"]
[BlackElo "1999"]
[WhiteFideId "-1"]
[WhiteFideId "-1"]
[PlyCount "153"]
[GameId "2224181669012048"]
[EventDate "2025.04.17"]
[EventType "swiss"]
[EventRounds "10"]
[EventCountry "CAN"]

1. e4 c5 2. Nf3 d6 3. d4 cxd4 4. Qxd4 Nc6 5. Bb5 Bd7 6. Bxc6 Bxc6 7. Nc3 Nf6 8. Bg5 e5 9. Qd3 h6 10. Bxf6 Qxf6 11. Nb5 Kd7 12. O-O-O Be7 13. Rd2 Rhd8 14. Nc3 Ke8 15. Nd5 Bxd5 16. Qxd5 Rab8 17. Kb1 Kf8 18. h3 Rdc8 19. Nh2 Rc5 20. Qd3 Rbc8 21. Ng4 Qe6 22. Rhd1 Ra5 23. Qb3 Qxb3 24. axb3 Rac5 25. c3 Kg8 26. Rd3 Bf8 27. Ne3 Rb5 28. Kc2 g6 29. Nc4 Kg7 30. Rxd6 Bxd6 31. Nxd6 Rbc5 32. Nxc8 Rxc8 33. Rd7 Rb8 34. c4 Kf6 35. b4 Ke6 36. Rd5 Rc8 37. Kb3 f5 38. f3 fxe4 39. fxe4 Rf8 40. c5 Rg8 41. b5 h5 42. Kb4 g5 43. Ka5 g4 44. h4 g3 45. Rd6+ Ke7 46. Rh6 Rc8 47. Rh7+ Ke6 48. Rxb7 Rxc5 49. Rxa7 Rc2 50. b6 Rxg2 51. b4 Ra2+ 52. Kb5 Rxa7 53. bxa7 g2 54. a8=Q g1=Q 55. Qe8+ Kf6 56. Qd8+ Ke6 57. Qb6+ Qxb6+ 58. Kxb6 Kd6 59. Kb5 Kc7 60. Kc5 Kb7 61. Kd5 Kb6 62. Kxe5 Kb5 63. Kd6 Kxb4 64. e5 Kc4 65. e6 Kd4 66. e7 Kd3 67. e8=Q Kc4 68. Qe2+ Kd4 69. Qxh5 Ke4 70. Qg6+ Kd4 71. h5 Kc4 72. h6 Kd4 73. h7 Kc4 74. h8=Q Kb4 75. Qc8 Kb5 76. Qb1+ Ka5 77. Qa8# 1-0

[Event "Scarborough CC-ch"]
[Site "Toronto CAN"]
[Date "2025.05.29"]
[Round "7.10"]
[White "Lawless, David"]
[Black "Sekaran, Adithya"]
[Result "1-0"]
[WhiteElo "1902"]
[BlackElo "1684"]
[WhiteFideId "-1"]
[WhiteFideId "-1"]
[PlyCount "63"]
[GameId "2224249643463265"]
[EventDate "2025.04.17"]
[EventType "swiss"]
[EventRounds "10"]
[EventCountry "CAN"]

1. e4 c6 2. d3 d5 3. Nd2 dxe4 4. dxe4 e5 5. Ngf3 Bg4 6. Bc4 Nd7 7. O-O Ngf6 8. h3 Bh5 9. Re1 Bd6 10. a4 O-O 11. c3 a5 12. Bb3 Qe7 13. Bc2 Rfd8 14. Qe2 Bc7 15. Nf1 Nc5 16. Ng3 Bg6 17. Nh4 Ne6 18. Nhf5 Qf8 19. Qf3 Bxf5 20. Nxf5 g6 21. Nh6+ Kg7 22. g3 Bb6 23. Kg2 Rd7 24. Ng4 Nxg4 25. Qxg4 Rad8 26. Re2 Qe7 27. h4 h5 28. Qf3 Qf6 29. Bh6+ Kxh6 30. Qxf6 Rd2 31. Rae1 R8d7 32. Qh8# 1-0

[Event "Scarborough CC-ch"]
[Site "Toronto CAN"]
[Date "2025.05.29"]
[Round "7.11"]
[White "Bi, William"]
[Black "Kheni, Kush"]
[Result "1-0"]
[WhiteElo "1892"]
[BlackElo "1678"]
[WhiteFideId "-1"]
[WhiteFideId "-1"]
[PlyCount "85"]
[GameId "2224251768185457"]
[EventDate "2025.04.17"]
[EventType "swiss"]
[EventRounds "10"]
[EventCountry "CAN"]

1. e4 d5 2. exd5 Qxd5 3. Nc3 Qd8 4. Nf3 Nf6 5. Bc4 e6 6. d4 Be7 7. O-O O-O 8. Ne2 c5 9. Ng3 cxd4 10. Nxd4 a6 11. c3 b5 12. Bb3 Bb7 13. Qe2 Qc7 14. Re1 Nbd7 15. Bg5 Bd6 16. Rad1 Rfe8 17. Bc2 Bf4 18. Bxf4 Qxf4 19. h3 Rac8 20. a4 bxa4 21. Bxa4 Red8 22. Bxd7 Rxd7 23. Nb3 Qa4 24. Rxd7 Nxd7 25. Nd4 Nf6 26. Nh5 Nxh5 27. Qxh5 Qa2 28. Re2 Qc4 29. Rd2 Rd8 30. Qg4 Qc7 31. Re2 h6 32. f4 Qc5 33. Kh2 Rd7 34. f5 Qc7+ 35. g3 exf5 36. Nxf5 g6 37. Nxh6+ Kh7 38. Qh4 Kg7 39. Ng4 f5 40. Qh6+ Kf7 41. Qh7+ Kf8 42. Qh8+ Kf7 43. Nh6# 1-0

[Event "Scarborough CC-ch"]
[Site "Toronto CAN"]
[Date "2025.05.29"]
[Round "7.12"]
[White "Ma, Quentin"]
[Black "Gummadi, Bhargav Ram"]
[Result "1/2-1/2"]
[WhiteElo "1654"]
[BlackElo "1752"]
[WhiteFideId "-1"]
[WhiteFideId "-1"]
[PlyCount "28"]
[GameId "2224283839939196"]
[EventDate "2025.04.17"]
[EventType "swiss"]
[EventRounds "10"]
[EventCountry "CAN"]

1. e4 e5 2. Nf3 Nc6 3. d4 exd4 4. Bc4 h6 5. Nxd4 Nxd4 6. Qxd4 d6 7. Nc3 Nf6 8. O-O Be7 9. Nd5 Nxd5 10. exd5 O-O 11. c3 Bf5 12. Bf4 Bg5 13. Bg3 Qd7 14. Bd3 Bxd3 1/2-1/2

[Event "Scarborough CC-ch"]
[Site "Toronto CAN"]
[Date "2025.05.29"]
[Round "7.13"]
[White "Gao, Yiguo"]
[Black "Jeyakumar, Yathushan"]
[Result "1/2-1/2"]
[WhiteElo "1613"]
[BlackElo "1762"]
[WhiteFideId "-1"]
[WhiteFideId "-1"]
[PlyCount "42"]
[GameId "2224288104854148"]
[EventDate "2025.04.17"]
[EventType "swiss"]
[EventRounds "10"]
[EventCountry "CAN"]

1. e4 c5 2. Nf3 e6 3. Nc3 Nc6 4. g3 a6 5. Bg2 b5 6. d4 cxd4 7. Nxd4 Bb7 8. O-O Bc5 9. Be3 Qb6 10. Nxc6 Bxe3 11. Ne5 Bd4 12. Nxd7 Qa7 13. Ne2 Bxb2 14. Rb1 Rd8 15. Rxb2 Rxd7 16. Qb1 Ne7 17. Rd1 Bc6 18. c3 O-O 19. Rbd2 Rfd8 20. Rxd7 Rxd7 21. Nd4 g6 1/2-1/2